000
00339nam a22001457a 4500
005
20171207084411.0
008
081125s2009 nyuab b 001 0 eng
020
_a
9780071613668
041
0
_a
eng
080
_a
03
100
_a
26
101
_a
ENC
245
0
0
_a
McGraw-Hill concise encyclopedia of science & technology.
942
_2
udc
_c
BK
999
_c
645
_d
645